| 000 | 01020nam0a22002531 4500 | ||
|---|---|---|---|
| 001 | rc\563450 | ||
| 005 | 20030616170559.3 | ||
| 035 | _a(NLR Aleph) 005798398 | ||
| 090 |
_a5270616 _c5270616 |
||
| 100 | _a20030616d1988 u |0rusy50 ca | ||
| 101 | 0 | _arus | |
| 102 | _aRU | ||
| 105 | _aa ||||||||| | ||
| 200 | 1 |
_aМоторно-висцеральные функции при различных режимах мышечной деятельности _eСб. науч. ст. _fКаз. ин-т физ. культуры _g[Редкол.: Зима А.Г. (науч. ред.) и др.] |
|
| 210 |
_aАлма-Ата _cКазИФК _d1988 |
||
| 215 |
_a115 с. _cил. _d20 |
||
| 320 | _aБиблиогр. в конце ст. | ||
| 702 | 1 |
_aЗима _bА. Г. _gАнатолий Григорьевич _4340 |
|
| 712 | 0 | 2 |
_aКазахский ин-т физ. культуры _cАлма-Ата _3RU\NLR\AUTH\889950276 |
| 801 | 0 |
_aRU _bNLR _gpsbo |
|
| 801 | 1 |
_aRU _bELAR _2rusmarc |
|
| 852 |
_aNLR _j89-3/14553 |
||
| 942 | _cBOOK | ||
| 980 | _aNB | ||